Εγκόλπιον αεροπροσκόπου
Αποθηκεύτηκε σε:
| Συγγραφή απο Οργανισμό/Αρχή: | |
|---|---|
| Μορφή: | Βιβλίο |
| Γλώσσα: | Greek |
| Δημοσίευση: |
[Αθήνα] :
[Σώμα Ελλήνων Προσκόπων],
[1955]
|
| Θέματα: | |
| Ετικέτες: |
Προσθήκη ετικέτας
Δεν υπάρχουν, Καταχωρήστε ετικέτα πρώτοι!
|
MARC
| LEADER | 00000cam a2200000 i 4500 | ||
|---|---|---|---|
| 001 | 1/86530 | ||
| 008 | 080526s1955 gre d | ||
| 035 | |l 10097676 | ||
| 040 | |a GR-MY-UA |b gre |e aacr | ||
| 041 | 0 | |a gre | |
| 082 | 0 | |a 369.4 |2 (22) | |
| 110 | 2 | |a Σώμα Ελλήνων Προσκόπων. | |
| 245 | 1 | 0 | |a Εγκόλπιον αεροπροσκόπου / |c Σώμα Ελλήνων Προσκόπων |
| 260 | |a [Αθήνα] : |b [Σώμα Ελλήνων Προσκόπων], |c [1955] | ||
| 300 | |a 150 σ.; |c 21 εκ. | ||
| 650 | 0 | 0 | |a Scouts (Reconnaissance) |
| 650 | 0 | 0 | |a Scouting (Reconnaissance) |
| 650 | 0 | 0 | |a Scouting (Youth activity) |
| 852 | |a INST |b RHODES |c AKA |e 20080526 |h 369.4 ΣΩΜ |p 005400028961 |q 005400028961 |t BK |y 0 | ||
| 901 | |a BIBL4-2008-2 | ||
| 909 | |a Ρ |b 150236 | ||
| 970 | |a ΜΙΣΣΟΣ |b ΣΤΑΥΡΟΣ |z 2008/05/26 | ||